[Event "SWE-chT 2223 Elite"]
[Site "Sweden"]
[Date "2023.01.21"]
[Round "4.2"]
[White "Pantzar, Milton"]
[Black "Rothen, Hakan Nils Karl"]
[Result "1-0"]
[WhiteElo "2465"]
[BlackElo "2232"]
[PlyCount "51"]
[EventDate "2022.10.14"]
[EventType "team-tourn"]
[EventRounds "9"]
[EventCountry "SWE"]
[SourceTitle "CBM 213 Extra"]
[Source "ChessBase"]
[SourceDate "2023.05.31"]
[SourceVersion "1"]
[SourceVersionDate "2023.05.31"]
[SourceQuality "1"]
[WhiteTeam "Lunds"]
[BlackTeam "Eksjo"]
[WhiteTeamCountry "SWE"]
[BlackTeamCountry "SWE"]

1. d4 d5 2. c4 dxc4 3. Nf3 Nf6 4. e3 e6 5. Bxc4 a6 6. 0-0 c5 7. Re1 b5 8. Bf1 Bb7 9. a4 b4 10. Nbd2 Nc6 11. Nb3 cxd4 12. exd4 Na5 13. Ne5 Nxb3 14. Qxb3 Bd5 15. Qg3 g6 16. Qh3 Bg7 17. Bd2 Qb6 18. Qh4 h6 19. a5 Qa7 20. Bxb4 g5 21. Qh3 Qxd4 22. Qa3 0-0-0 23. Bc5 Qf4 24. Bxa6+ Kb8 25. g3 Qd2 26. Re2 1-0

[Event "SWE-chT 2223 Elite"]
[Site "Sweden"]
[Date "2022.10.15"]
[Round "2.5"]
[White "Rothen, Hakan Nils Karl"]
[Black "Eriksson, Anders"]
[Result "1-0"]
[WhiteElo "2232"]
[BlackElo "2197"]
[PlyCount "133"]
[EventDate "2022.10.14"]
[EventType "team-tourn"]
[EventRounds "9"]
[EventCountry "SWE"]
[SourceTitle "CBM 210 Extra"]
[Source "ChessBase"]
[SourceDate "2022.11.30"]
[SourceVersion "1"]
[SourceVersionDate "2022.11.30"]
[SourceQuality "1"]
[WhiteTeam "Eksjo"]
[BlackTeam "Vasteras"]
[WhiteTeamCountry "SWE"]
[BlackTeamCountry "SWE"]

1. d4 Nf6 2. Nf3 e6 3. Bf4 b6 4. e3 Bb7 5. Be2 Be7 6. h3 0-0 7. 0-0 d6 8. c4 c5 9. Nc3 cxd4 10. exd4 d5 11. Ne5 dxc4 12. Bxc4 Nc6 13. Be3 Nb4 14. Qe2 a6 15. Rac1 b5 16. Bb3 Qd6 17. a4 bxa4 18. Nxa4 Bd5 19. Nc4 Qb8 20. Nc5 Rc8 21. Ba4 Bc6 22. Bxc6 Nxc6 23. b4 Nd5 24. Qg4 Ncxb4 25. Bh6 g6 26. Nxe6 fxe6 27. Qxe6+ Kh8 28. Ne5 Rf8 29. Bxf8 Qxf8 30. Rfe1 Kg7 31. Nc6 Bd6 32. Nxb4 Nxb4 33. Qd7+ Kg8 34. Rc3 Rd8 35. Qa4 Qf7 36. Rf3 Qd7 37. Qb3+ Kg7 38. d5 Re8 39. Rxe8 Qxe8 40. Re3 Qd7 41. g3 Bf8 42. Re6 a5 43. Rb6 Nxd5 44. Rb7 Nc7 45. Qc3+ Kg8 46. Rxc7 Qd1+ 47. Kg2 Qd5+ 48. Qf3 Qxf3+ 49. Kxf3 a4 50. Ra7 a3 51. Ke4 Bc5 52. Ra5 Be7 53. f4 Kf7 54. g4 Ke6 55. Ra6+ Kf7 56. Ke5 Bf8 57. Ra7+ Be7 58. f5 gxf5 59. gxf5 Kf8 60. Ke6 Bc5 61. Ra5 Bb4 62. Ra4 Bc5 63. f6 Kg8 64. Rg4+ Kh8 65. Kf7 h6 66. Rc4 Bd6 67. Kg6 1-0

[Event "SWE-chT 2122 Elite"]
[Site "Sweden"]
[Date "2022.05.15"]
[Round "9.2"]
[White "Eriksson, Johan"]
[Black "Rothen, Hakan Nils Karl"]
[Result "1/2-1/2"]
[WhiteElo "2385"]
[BlackElo "2240"]
[PlyCount "55"]
[EventDate "2021.12.03"]
[EventType "team-tourn"]
[EventRounds "9"]
[EventCountry "SWE"]
[SourceTitle "EXT 2023"]
[Source "ChessBase"]
[SourceDate "2022.10.05"]
[SourceVersion "1"]
[SourceVersionDate "2022.10.05"]
[SourceQuality "1"]
[WhiteTeam "Kungstornet"]
[BlackTeam "Eksjo"]
[WhiteTeamCountry "SWE"]
[BlackTeamCountry "SWE"]

1. c4 e6 2. g3 d5 3. Bg2 a6 4. b3 Nf6 5. Bb2 Be7 6. Nf3 0-0 7. 0-0 b5 8. Qc2 Bb7 9. Rc1 c5 10. cxd5 Nxd5 11. Nc3 Nd7 12. Nxd5 exd5 13. d4 c4 14. bxc4 dxc4 15. Rd1 Qb6 16. d5 Bc5 17. e3 Rac8 18. Nh4 Rfe8 19. Nf5 f6 20. Qe2 Ne5 21. Be4 Rcd8 22. Rac1 Bc8 23. Nd4 Bxd4 24. Bxd4 Qd6 25. Rd2 Nd3 26. Bxd3 cxd3 27. Qxd3 Qxd5 28. Qb3 1/2-1/2

[Event "SWE-chT 2122 Elite"]
[Site "Sweden"]
[Date "2022.03.19"]
[Round "4.5"]
[White "Thorn, Eric"]
[Black "Rothen, Hakan Nils Karl"]
[Result "1-0"]
[WhiteElo "2325"]
[BlackElo "2240"]
[PlyCount "93"]
[EventDate "2021.12.03"]
[EventType "team-tourn"]
[EventRounds "9"]
[EventCountry "SWE"]
[SourceTitle "EXT 2023"]
[Source "ChessBase"]
[SourceDate "2022.10.05"]
[SourceVersion "1"]
[SourceVersionDate "2022.10.05"]
[SourceQuality "1"]
[WhiteTeam "Stockholm CC"]
[BlackTeam "Eksjo"]
[WhiteTeamCountry "SWE"]
[BlackTeamCountry "SWE"]

1. d4 e6 2. Nf3 f5 3. g3 Nf6 4. Bg2 d5 5. 0-0 Be7 6. c4 Ne4 7. Qc2 c6 8. Nbd2 0-0 9. Ne5 Nd7 10. Nd3 Ndf6 11. Nf3 Nd6 12. b3 Nf7 13. a4 a5 14. Ba3 Bxa3 15. Rxa3 Qe7 16. Ra2 Bd7 17. Rc1 Rfc8 18. Qd2 b6 19. Nfe5 Nxe5 20. Nxe5 Ng4 21. Nd3 Qd6 22. Rac2 dxc4 23. Rxc4 e5 24. h3 e4 25. hxg4 exd3 26. gxf5 dxe2 27. Qxe2 Rc7 28. Qe5 Qxe5 29. dxe5 Rac8 30. g4 c5 31. Bd5+ Kf8 32. Rf4 Bc6 33. Bc4 Re8 34. Re1 Rce7 35. e6 h6 36. g5 hxg5 37. Rg4 Rd8 38. Kh2 Rd4 39. Rxd4 cxd4 40. Kg3 Rc7 41. Kg4 Bxa4 42. Kxg5 Rxc4 43. bxc4 d3 44. f6 d2 45. Rh1 gxf6+ 46. Kxf6 Kg8 47. e7 1-0

[Event "SWE-chT 2122 Elite"]
[Site "Sweden"]
[Date "2021.12.05"]
[Round "2.1"]
[White "Rothen, Hakan Nils Karl"]
[Black "Jogstad, Martin"]
[Result "1/2-1/2"]
[WhiteElo "2240"]
[BlackElo "2335"]
[PlyCount "103"]
[EventDate "2021.12.03"]
[EventType "team-tourn"]
[EventRounds "9"]
[EventCountry "SWE"]
[SourceTitle "EXT 2023"]
[Source "ChessBase"]
[SourceDate "2022.10.05"]
[SourceVersion "1"]
[SourceVersionDate "2022.10.05"]
[SourceQuality "1"]
[WhiteTeam "Eksjo"]
[BlackTeam "Lunds"]
[WhiteTeamCountry "SWE"]
[BlackTeamCountry "SWE"]

1. d4 e6 2. Nf3 d5 3. e3 a6 4. Bd3 Nf6 5. Nbd2 c5 6. c3 Nc6 7. 0-0 Be7 8. dxc5 Bxc5 9. e4 0-0 10. exd5 exd5 11. Nb3 Bb6 12. Bg5 Bg4 13. h3 Bh5 14. g4 Bg6 15. Nbd4 Qd6 16. Ne2 Ne4 17. Bxe4 Bxe4 18. Nfd4 Ne5 19. Bf4 Qf6 20. Bxe5 Qxe5 21. f3 Bg6 22. Qd2 Rfe8 23. Rae1 Bc7 24. f4 Qd6 25. Rf2 Be4 26. Ng3 Kf8 27. Rfe2 Qh6 28. Nxe4 dxe4 29. Rxe4 Qxh3 30. Rxe8+ Rxe8 31. Rxe8+ Kxe8 32. Qe2+ Kf8 33. f5 Qg3+ 34. Qg2 Qe1+ 35. Qf1 Qg3+ 36. Qg2 Qe1+ 37. Qf1 Qe4 38. Qd1 Bf4 39. Ne6+ fxe6 40. Qd8+ Kf7 41. Qd7+ Kf8 42. Qd8+ Kf7 43. Qd7+ Kf6 44. Qd8+ Ke5 45. Qc7+ Kd5 46. Qxb7+ Ke5 47. Qc7+ Kf6 48. Qd8+ Kf7 49. Qd7+ Kf8 50. Qd8+ Kf7 51. Qd7+ Kf8 52. Qd8+ 1/2-1/2

[Event "SWE-chT 2122 Elite"]
[Site "Sweden"]
[Date "2021.12.04"]
[Round "1.3"]
[White "Jepson, Christian"]
[Black "Rothen, Hakan Nils Karl"]
[Result "1/2-1/2"]
[WhiteElo "2402"]
[BlackElo "2240"]
[PlyCount "65"]
[EventDate "2021.12.03"]
[EventType "team-tourn"]
[EventRounds "9"]
[EventCountry "SWE"]
[SourceTitle "EXT 2023"]
[Source "ChessBase"]
[SourceDate "2022.10.05"]
[SourceVersion "1"]
[SourceVersionDate "2022.10.05"]
[SourceQuality "1"]
[WhiteTeam "Limhamn"]
[BlackTeam "Eksjo"]
[WhiteTeamCountry "SWE"]
[BlackTeamCountry "SWE"]

1. d4 e6 2. c4 f5 3. g3 Nf6 4. Bg2 d5 5. Nf3 Bd6 6. 0-0 0-0 7. Nc3 c6 8. Bf4 Bxf4 9. gxf4 Nbd7 10. b3 b6 11. cxd5 cxd5 12. Qd3 Qe7 13. Rfc1 Bb7 14. Rc2 Rfc8 15. Rac1 Qa3 16. Qe3 Qe7 17. Nb5 Rxc2 18. Rxc2 Ne8 19. Qc1 a6 20. Nc7 Rd8 21. Nxe8 Qxe8 22. Rc7 Rc8 23. Ne5 Nxe5 24. fxe5 Qd8 25. Rc3 Rxc3 26. Qxc3 Qc8 27. Qxc8+ Bxc8 28. e3 Kf7 29. f3 Bb7 30. Kf2 g5 31. Kg3 Kg6 32. Bf1 h6 33. Bd3 1/2-1/2

[Event "SWE-chT Lag SM"]
[Site "Stockholm"]
[Date "2021.10.24"]
[Round "3.2"]
[White "Kulaots, Kaido"]
[Black "Rothen, Hakan Nils Karl"]
[Result "1-0"]
[WhiteElo "2511"]
[BlackElo "2253"]
[PlyCount "67"]
[EventDate "2021.10.22"]
[EventType "team-tourn"]
[EventRounds "3"]
[EventCountry "SWE"]
[SourceTitle "CBM 204 Extra"]
[Source "ChessBase"]
[SourceDate "2021.11.30"]
[SourceVersion "1"]
[SourceVersionDate "2021.11.30"]
[SourceQuality "1"]
[WhiteTeam "Lunds"]
[BlackTeam "Eksjo"]
[WhiteTeamCountry "SWE"]
[BlackTeamCountry "SWE"]

1. e4 e6 2. d4 d5 3. Nc3 Bb4 4. e5 c5 5. a3 Bxc3+ 6. bxc3 Nc6 7. Nf3 Qa5 8. Bd2 c4 9. a4 Bd7 10. h4 f6 11. h5 fxe5 12. Nxe5 Nxe5 13. dxe5 Nh6 14. Rh3 0-0-0 15. Bg5 Rdf8 16. f4 Rf7 17. Bxh6 gxh6 18. Qd4 Rhf8 19. g3 Kb8 20. Rh1 Rc8 21. Bh3 Rc6 22. Kd2 Rb6 23. Rhf1 Bxa4 24. Ra2 Ra6 25. Rb1 Re7 26. Rb4 b5 27. Raxa4 Qxa4 28. Rxa4 bxa4 29. Qc5 a3 30. Qxe7 a2 31. Bxe6 a1Q 32. Qd8+ Kb7 33. Bc8+ Kc6 34. Qd6+ 1-0

[Event "SWE-chT Lag SM"]
[Site "Stockholm"]
[Date "2021.10.23"]
[Round "2.1"]
[White "Neiksans, Arturs"]
[Black "Rothen, Hakan Nils Karl"]
[Result "1-0"]
[WhiteElo "2570"]
[BlackElo "2253"]
[PlyCount "97"]
[EventDate "2021.10.22"]
[EventType "team-tourn"]
[EventRounds "3"]
[EventCountry "SWE"]
[SourceTitle "CBM 204 Extra"]
[Source "ChessBase"]
[SourceDate "2021.11.30"]
[SourceVersion "1"]
[SourceVersionDate "2021.11.30"]
[SourceQuality "1"]
[WhiteTeam "Stockholm Rochaden"]
[BlackTeam "Eksjo"]
[WhiteTeamCountry "SWE"]
[BlackTeamCountry "SWE"]

1. d4 g6 2. e4 Bg7 3. Nc3 c6 4. Nf3 d5 5. h3 dxe4 6. Nxe4 Nf6 7. Nxf6+ exf6 8. Bd3 0-0 9. 0-0 a5 10. a4 Na6 11. c3 Be6 12. Bf4 Qb6 13. Qc1 Bd5 14. Nd2 c5 15. Bxa6 Rxa6 16. c4 Be6 17. d5 Bf5 18. Re1 Qd8 19. Ra3 g5 20. Bg3 Qd7 21. Rb3 b6 22. Rf3 Raa8 23. b3 h6 24. Rfe3 Ra7 25. Nb1 Qd8 26. Nc3 Rd7 27. Nb5 Bg6 28. Qb2 f5 29. Be5 f6 30. Bc3 f4 31. R3e2 f3 32. gxf3 Bh5 33. Kg2 f5 34. Bxg7 Rxg7 35. Qe5 g4 36. fxg4 fxg4 37. Qxh5 Qf6 38. hxg4 Qf3+ 39. Kf1 Rxg4 40. Qh2 Qd3 41. d6 Rgf4 42. Qg2+ Kh8 43. Kg1 R4f6 44. Re8 Rg6 45. Rxf8+ Kg7 46. Rf3 Rxg2+ 47. Kxg2 Qd2 48. Ree3 h5 49. Rd3 1-0

[Event "SWE-chT 1920 Elite"]
[Site "Sweden"]
[Date "2020.01.31"]
[Round "4.2"]
[White "Lundstedt, Peter"]
[Black "Rothen, Hakan Nils Karl"]
[Result "1/2-1/2"]
[WhiteElo "2074"]
[BlackElo "2251"]
[PlyCount "141"]
[EventDate "2019.10.18"]
[EventType "team-tourn"]
[EventRounds "9"]
[EventCountry "SWE"]
[SourceTitle "CBM 194 Extra"]
[Source "ChessBase"]
[SourceDate "2020.03.31"]
[SourceVersion "1"]
[SourceVersionDate "2020.03.31"]
[SourceQuality "1"]
[WhiteTeam "Vaxjo"]
[BlackTeam "Eksjo"]
[WhiteTeamCountry "SWE"]
[BlackTeamCountry "SWE"]

1. d4 Nf6 2. Nf3 c5 3. d5 e6 4. Nc3 b5 5. Nxb5 Qa5+ 6. Nc3 exd5 7. Bd2 Qb6 8. e3 Ba6 9. Bxa6 Nxa6 10. 0-0 Nc7 11. b3 Be7 12. Na4 Qe6 13. Bc3 0-0 14. Bb2 Rfd8 15. Rc1 Ne4 16. Nd2 Rab8 17. c4 Nxd2 18. Qxd2 dxc4 19. Qc3 Qg6 20. Qxc4 d5 21. Qc2 Na6 22. Qxg6 hxg6 23. Ba3 Rbc8 24. Rfd1 Kf8 25. Kf1 c4 26. Bxe7+ Kxe7 27. bxc4 dxc4 28. Rxd8 Kxd8 29. Ke2 Nb4 30. a3 Nd3 31. Rc2 Rc6 32. Nb2 Nxb2 33. Rxb2 Kc7 34. Rb4 Rc5 35. Kd2 a5 36. Rb1 Rd5+ 37. Kc3 Rd3+ 38. Kxc4 Rxa3 39. Rb2 Kc6 40. Rc2 g5 41. Kd4+ Kd6 42. Rb2 Ra4+ 43. Kc3 Kc6 44. Rc2 Rb4 45. Ra2 Rb5 46. e4 Kd6 47. Rd2+ Ke6 48. Rd8 Rc5+ 49. Kd2 g6 50. f3 Rb5 51. Kc2 Kf6 52. Rd7 Rc5+ 53. Kd2 Ke6 54. Rd8 f5 55. exf5+ gxf5 56. Rg8 Kf6 57. Re8 Rd5+ 58. Kc3 Re5 59. Rf8+ Ke6 60. Ra8 f4 61. Re8+ Kf6 62. Rf8+ Kg7 63. Ra8 Re2 64. Rxa5 Rxg2 65. Kd3 Kg6 66. Ra6+ Kh5 67. Ra8 Rb2 68. Ke4 Rb4+ 69. Kf5 Rb5+ 70. Kf6 Rb6+ 71. Kf5 1/2-1/2

[Event "Karlstad op"]
[Site "Karlstad"]
[Date "2018.12.29"]
[Round "6"]
[White "Rothen, Hakan Nils Karl"]
[Black "Johnson, Daniel"]
[Result "0-1"]
[WhiteElo "2301"]
[BlackElo "2111"]
[PlyCount "78"]
[EventDate "2018.12.27"]
[EventType "swiss"]
[EventRounds "8"]
[EventCountry "SWE"]
[SourceTitle "EXT 2020"]
[Source "ChessBase"]
[SourceDate "2019.10.17"]
[SourceVersion "1"]
[SourceVersionDate "2019.10.17"]
[SourceQuality "1"]

1. d4 d5 2. Nf3 Nf6 3. c4 e6 4. e3 Be7 5. Nbd2 0-0 6. Bd3 Nbd7 7. 0-0 b6 8. b3 Bb7 9. Bb2 c5 10. cxd5 Nxd5 11. a3 Rc8 12. Rc1 cxd4 13. Nxd4 Rxc1 14. Qxc1 Nc5 15. Be2 Qa8 16. N4f3 Nf6 17. b4 Nce4 18. Nxe4 Bxe4 19. Qc7 Nd5 20. Qe5 Bf6 21. Qxe4 Bxb2 22. Ng5 Nf6 23. Qc2 Be5 24. Rc1 h6 25. Nf3 Bd6 26. Nd4 a5 27. Bf3 Qb8 28. Nc6 Qc7 29. g3 Re8 30. Qd2 axb4 31. axb4 Bf8 32. Ra1 e5 33. Ra7 Qc8 34. Bd5 Nxd5 35. Qxd5 Qf5 36. e4 Qf6 37. Ra6 Re6 38. Rxb6 Rd6 39. Qc4 Qf3 0-1

[Event "Karlstad op"]
[Site "Karlstad"]
[Date "2018.12.28"]
[Round "5"]
[White "Rishovd, Svein"]
[Black "Rothen, Hakan Nils Karl"]
[Result "1/2-1/2"]
[WhiteElo "2112"]
[BlackElo "2301"]
[PlyCount "52"]
[EventDate "2018.12.27"]
[EventType "swiss"]
[EventRounds "8"]
[EventCountry "SWE"]
[SourceTitle "EXT 2020"]
[Source "ChessBase"]
[SourceDate "2019.10.17"]
[SourceVersion "1"]
[SourceVersionDate "2019.10.17"]
[SourceQuality "1"]

1. d4 d6 2. e4 Nf6 3. Nc3 Nbd7 4. Nf3 e5 5. Bc4 Be7 6. a4 0-0 7. h3 c6 8. 0-0 exd4 9. Qxd4 Nc5 10. Re1 Be6 11. b4 Bxc4 12. bxc5 d5 13. Ne5 Ba6 14. exd5 cxd5 15. Ba3 Re8 16. Rad1 Qc7 17. Nxd5 Nxd5 18. Qxd5 Bf6 19. Ng4 Rxe1+ 20. Rxe1 Bc3 21. Rb1 Re8 22. Ne3 g6 23. Qd6 Be5 24. Qxc7 Bxc7 25. Nd5 Be5 26. Nb4 Bc4 1/2-1/2

[Event "SWE-chT 1819 Elite"]
[Site "Sweden"]
[Date "2018.11.11"]
[Round "3.2"]
[White "Rothen, Hakan Nils Karl"]
[Black "Cramling, Dan"]
[Result "1/2-1/2"]
[WhiteElo "2298"]
[BlackElo "2341"]
[PlyCount "103"]
[EventDate "2018.11.09"]
[EventType "team-tourn"]
[EventRounds "9"]
[EventCountry "SWE"]
[SourceTitle "CBM 187 Extra"]
[Source "ChessBase"]
[SourceDate "2018.11.04"]
[SourceVersion "1"]
[SourceVersionDate "2018.11.04"]
[SourceQuality "1"]
[WhiteTeam "Eksjo"]
[BlackTeam "Wasa"]
[WhiteTeamCountry "SWE"]
[BlackTeamCountry "SWE"]

1. d4 Nf6 2. Nf3 c5 3. d5 d6 4. c4 b5 5. cxb5 a6 6. bxa6 g6 7. e4 Bg7 8. Nc3 Qa5 9. Bd2 0-0 10. h3 Bxa6 11. Bxa6 Qxa6 12. Qe2 Ne8 13. Qxa6 Nxa6 14. Ke2 f5 15. exf5 Rxf5 16. g4 Rf8 17. Bg5 Nec7 18. a3 Bxc3 19. bxc3 Nxd5 20. c4 Nb6 21. Nd2 Nb8 22. Rhb1 Ra6 23. Bh6 Rd8 24. Be3 Nc6 25. f4 Rda8 26. h4 Kf7 27. Rb3 Nd7 28. Ne4 Ra4 29. Kd3 Na5 30. Rc3 Rb8 31. h5 Nf6 32. hxg6+ hxg6 33. Nxf6 exf6 34. f5 Rh8 35. Rb1 Rh3 36. Ke4 gxf5+ 37. Kxf5 d5 38. Bd4 Rxc3 39. Bxc3 Nxc4 40. Rb7+ Ke8 41. Ke6 Ra6+ 42. Kxd5 Ne3+ 43. Kxc5 Rxa3 44. Bxf6 Nxg4 45. Bd4 Ra6 46. Rg7 Nf6 47. Kb5 Kf8 48. Rb7 Re6 49. Kc5 Re7 50. Rb1 Re6 51. Rb8+ Re8 52. Rxe8+ 1/2-1/2

[Event "SWE-chT 1819 Elite"]
[Site "Sweden"]
[Date "2018.11.10"]
[Round "2.2"]
[White "Salomon, Johan"]
[Black "Rothen, Hakan Nils Karl"]
[Result "1-0"]
[WhiteElo "2485"]
[BlackElo "2298"]
[PlyCount "69"]
[EventDate "2018.11.09"]
[EventType "team-tourn"]
[EventRounds "9"]
[EventCountry "SWE"]
[SourceTitle "CBM 187 Extra"]
[Source "ChessBase"]
[SourceDate "2018.11.04"]
[SourceVersion "1"]
[SourceVersionDate "2018.11.04"]
[SourceQuality "1"]
[WhiteTeam "Stockholm Rockaden"]
[BlackTeam "Eksjo"]
[WhiteTeamCountry "SWE"]
[BlackTeamCountry "SWE"]

1. e4 e6 2. d4 d5 3. Nc3 Nf6 4. e5 Nfd7 5. f4 c5 6. Nf3 Nc6 7. Be3 Be7 8. Qd2 0-0 9. h4 cxd4 10. Nxd4 Nxd4 11. Bxd4 f6 12. exf6 Bxf6 13. 0-0-0 Nb8 14. Bxf6 Qxf6 15. g3 Nc6 16. Bh3 d4 17. Ne4 Qg6 18. Bg2 e5 19. fxe5 Qe6 20. Kb1 Qxe5 21. Rhe1 Qc7 22. Ng5 Bf5 23. Bd5+ Kh8 24. Be6 h6 25. Bxf5 Rxf5 26. Qd3 g6 27. Ne6 Qf7 28. Nxd4 Rf6 29. Nxc6 bxc6 30. Qc3 Kg8 31. Rd7 Qxd7 32. Qxf6 Qf5 33. Qxc6 Rd8 34. a3 h5 35. Qe6+ 1-0

[Event "SWE-chT 1718 Elite"]
[Site "Sweden"]
[Date "2018.03.17"]
[Round "8.2"]
[White "Karlsson, Lars"]
[Black "Rothen, Hakan Nils Karl"]
[Result "1/2-1/2"]
[WhiteElo "2448"]
[BlackElo "2264"]
[PlyCount "77"]
[EventDate "2017.10.20"]
[EventType "team-tourn"]
[EventRounds "9"]
[EventCountry "SWE"]
[SourceTitle "EXT 2019"]
[Source "ChessBase"]
[SourceDate "2018.10.10"]
[SourceVersion "1"]
[SourceVersionDate "2018.10.10"]
[SourceQuality "1"]
[WhiteTeam "Stockholm Rockaden"]
[BlackTeam "Eksjo"]
[WhiteTeamCountry "SWE"]
[BlackTeamCountry "SWE"]

1. b3 d5 2. Bb2 Nf6 3. e3 c5 4. f4 Nc6 5. Bb5 Bd7 6. Nf3 e6 7. 0-0 Bd6 8. Bxc6 Bxc6 9. Ne5 0-0 10. Rf3 Bxe5 11. Bxe5 Nd7 12. Bb2 f6 13. Rh3 Rf7 14. d3 e5 15. f5 a5 16. a4 Nf8 17. Nd2 g6 18. fxg6 hxg6 19. Qe2 Rh7 20. Rxh7 Nxh7 21. Rf1 Qd7 22. e4 Re8 23. exd5 Bxd5 24. Ne4 Qc6 25. Qg4 Bxe4 26. dxe4 Kg7 27. Rd1 Nf8 28. c4 Qc8 29. Qxc8 Rxc8 30. Rd6 Kf7 31. Rb6 Rc7 32. Bc3 Nd7 33. Rd6 b6 34. h4 Ke7 35. Rd5 Rc8 36. g4 Rh8 37. Be1 Nf8 38. g5 Nd7 39. gxf6+ 1/2-1/2

[Event "SWE-chT 1718 Elite"]
[Site "Sweden"]
[Date "2018.02.24"]
[Round "6.6"]
[White "Bejtovic, Jasmin"]
[Black "Rothen, Hakan Nils Karl"]
[Result "1-0"]
[WhiteElo "2358"]
[BlackElo "2264"]
[PlyCount "97"]
[EventDate "2017.10.20"]
[EventType "team-tourn"]
[EventRounds "9"]
[EventCountry "SWE"]
[SourceTitle "EXT 2019"]
[Source "ChessBase"]
[SourceDate "2018.10.10"]
[SourceVersion "1"]
[SourceVersionDate "2018.10.10"]
[SourceQuality "1"]
[WhiteTeam "Malmo"]
[BlackTeam "Eksjo"]
[WhiteTeamCountry "SWE"]
[BlackTeamCountry "SWE"]

1. Nf3 d5 2. g3 Nc6 3. d4 Bf5 4. Bg2 Nf6 5. 0-0 e6 6. c4 Be7 7. Nc3 0-0 8. Ne5 Nxe5 9. dxe5 Ng4 10. cxd5 exd5 11. Nxd5 c6 12. Ne3 Be6 13. Nxg4 Bxg4 14. Qc2 Qa5 15. Bf4 g5 16. Bd2 Qxe5 17. Bc3 Qe6 18. Be4 Qh6 19. Qa4 Be6 20. Qd4 f5 21. Bc2 Bf6 22. Qc5 Bxc3 23. bxc3 Qf6 24. Rad1 Bd5 25. c4 b6 26. Qa3 Bxc4 27. Rd6 Qe5 28. Rxc6 b5 29. Bd3 Bxd3 30. exd3 Rf7 31. Qc1 Qg7 32. Rc5 Rb8 33. Re1 Qf6 34. Rc6 Qg7 35. Qc5 Rd8 36. Qxb5 Qd4 37. Rce6 Kg7 38. Re7 Qd5 39. Qb2+ Qd4 40. Qb3 Qd5 41. Qc3+ Qd4 42. Qa5 Rd5 43. Qd2 Qf6 44. R7e6 Qd8 45. Qc3+ Rd4 46. Rc6 Rfd7 47. Ree6 Kf7 48. Rh6 Kg8 49. Rc8 1-0

[Event "SWE-chT 1718 Elite"]
[Site "Sweden"]
[Date "2017.10.22"]
[Round "3.5"]
[White "Rothen, Hakan Nils Karl"]
[Black "Grandell, Anders"]
[Result "1/2-1/2"]
[WhiteElo "2264"]
[BlackElo "2224"]
[PlyCount "104"]
[EventDate "2017.10.20"]
[EventType "team-tourn"]
[EventRounds "9"]
[EventCountry "SWE"]
[SourceTitle "EXT 2019"]
[Source "ChessBase"]
[SourceDate "2018.10.10"]
[SourceVersion "1"]
[SourceVersionDate "2018.10.10"]
[SourceQuality "1"]
[WhiteTeam "Eksjo"]
[BlackTeam "Viking Team"]
[WhiteTeamCountry "SWE"]
[BlackTeamCountry "SWE"]

1. d4 Nf6 2. c4 c5 3. d5 b5 4. cxb5 a6 5. bxa6 g6 6. Nc3 Bxa6 7. e4 Bxf1 8. Kxf1 d6 9. g3 Bg7 10. Kg2 0-0 11. Nf3 Nbd7 12. Qe2 Qb6 13. a4 Rfc8 14. Re1 Qb7 15. Nd2 Ne8 16. Nc4 Ne5 17. Bd2 Nxc4 18. Qxc4 Qxb2 19. Ra2 Qb4 20. Qd3 c4 21. Qb1 Qa5 22. Qc2 Nc7 23. Rb1 Na6 24. Rb5 Qc7 25. Be3 Rab8 26. Rab2 Rxb5 27. Rxb5 Qd7 28. Qd2 Nc5 29. Bxc5 Rxc5 30. Rxc5 dxc5 31. Nb5 c3 32. Nxc3 Bxc3 33. Qxc3 Qxa4 34. Kf3 c4 35. Ke3 h5 36. Kd4 Qa7+ 37. Kxc4 Qxf2 38. e5 Qa2+ 39. Kd4 Qf2+ 40. Qe3 Qb2+ 41. Kc5 Qb8 42. Kc4 Qc7+ 43. Kd3 Qb7 44. Qc5 Qb3+ 45. Kd4 Qd1+ 46. Ke4 Qh1+ 47. Kf4 Qf1+ 48. Ke4 Qf5+ 49. Kd4 Qf2+ 50. Kc4 Qc2+ 51. Kd4 Qf2+ 52. Kc4 Qc2+ 1/2-1/2

[Event "SWE-chT 1718 Elite"]
[Site "Sweden"]
[Date "2017.10.20"]
[Round "1"]
[White "Rothen, Hakan Nils Karl"]
[Black "Sittenfeld, Johan"]
[Result "1/2-1/2"]
[WhiteElo "2264"]
[BlackElo "2167"]
[PlyCount "134"]
[EventDate "2017.10.20"]
[EventType "team-tourn"]
[EventRounds "9"]
[EventCountry "SWE"]
[SourceTitle "EXT 2019"]
[Source "ChessBase"]
[SourceDate "2018.10.10"]
[SourceVersion "1"]
[SourceVersionDate "2018.10.10"]
[SourceQuality "1"]
[WhiteTeam "Eksjo"]
[BlackTeam "Upsala"]
[WhiteTeamCountry "SWE"]
[BlackTeamCountry "SWE"]

1. d4 Nf6 2. c4 e6 3. Nc3 Bb4 4. Qc2 0-0 5. Nf3 c5 6. dxc5 Bxc5 7. a3 b6 8. Bg5 Be7 9. e3 Bb7 10. Bd3 h6 11. Bh4 d5 12. 0-0 Nbd7 13. cxd5 Nxd5 14. Bxe7 Qxe7 15. Nxd5 Bxd5 16. Rac1 Nf6 17. e4 Bb7 18. e5 Nd7 19. Be4 Rac8 20. Qe2 Bxe4 21. Qxe4 Rxc1 22. Rxc1 Nc5 23. Qc4 Qb7 24. h4 Rd8 25. b4 Na6 26. Kf1 Rd7 27. Qc8+ Qxc8 28. Rxc8+ Kh7 29. Ke2 Nc7 30. Ke3 g6 31. g3 Kg7 32. Nd4 Nd5+ 33. Ke4 a5 34. bxa5 bxa5 35. Nb5 Ne7 36. Ra8 Rd5 37. Nc7 Rc5 38. Ne8+ Kh7 39. Ra7 Rxe5+ 40. Kxe5 Nc6+ 41. Kf6 Nxa7 42. Kxf7 Nb5 43. Nf6+ Kh8 44. a4 Nc3 45. Kxg6 Nxa4 46. Ne4 Nb2 47. f4 a4 48. Kxh6 a3 49. Nc3 Nd3 50. Kg6 e5 51. fxe5 Nxe5+ 52. Kf5 Nf3 53. Ke4 Nd2+ 54. Kf4 Kg7 55. g4 Kg6 56. Ke3 Nc4+ 57. Ke4 Nd2+ 58. Kf4 Nb1 59. Na2 Nd2 60. Ke3 Nf1+ 61. Kf2 Nh2 62. Kg3 Nf1+ 63. Kf4 Nh2 64. Nc3 Kh6 65. h5 Nf1 66. Na2 Nd2 67. Ke3 Nf1+ 1/2-1/2

[Event "Rilton Cup 45th"]
[Site "Stockholm"]
[Date "2016.01.02"]
[Round "6"]
[White "Rothen, Hakan Nils Karl"]
[Black "Nilsson, Joakim"]
[Result "0-1"]
[WhiteElo "2297"]
[BlackElo "2091"]
[PlyCount "146"]
[EventDate "2015.12.27"]
[EventType "swiss"]
[EventRounds "9"]
[EventCountry "SWE"]
[SourceTitle "CBM 170 Extra"]
[Source "ChessBase"]
[SourceDate "2016.02.25"]
[SourceVersion "1"]
[SourceVersionDate "2016.02.25"]
[SourceQuality "1"]

1. d4 Nf6 2. c4 e6 3. Nc3 Bb4 4. e3 0-0 5. Bd3 c5 6. Nge2 Nc6 7. 0-0 d5 8. a3 Bxc3 9. bxc3 b6 10. cxd5 exd5 11. a4 Re8 12. Ba3 c4 13. Bc2 Bg4 14. Qe1 Qd7 15. Bc1 Bf5 16. Bd1 Bd3 17. Qd2 Na5 18. Re1 h6 19. Qb2 Bh7 20. f3 Nb7 21. Ng3 Nd6 22. a5 b5 23. Bc2 Bxc2 24. Qxc2 b4 25. cxb4 Nb5 26. Rd1 h5 27. Ne2 Qd6 28. Rb1 Rab8 29. Nc3 h4 30. Nxb5 Rxb5 31. Bd2 h3 32. Re1 hxg2 33. Bc3 Qe6 34. Kxg2 g6 35. Re2 Nh5 36. Rbe1 Kg7 37. Bd2 Rh8 38. e4 Ng3 39. hxg3 Qh3+ 40. Kf2 Qh2+ 41. Ke3 Qh6+ 42. f4 Qh3 43. Rg1 Qg4 44. Reg2 Rb7 45. e5 f6 46. Be1 fxe5 47. fxe5 Rf8 48. Rf2 Rxf2 49. Bxf2 Rf7 50. Rf1 c3 51. Qxc3 Rf3+ 52. Kd2 Rxc3 53. Kxc3 Qe2 54. Rb1 Qf3+ 55. Kb2 Qxf2+ 56. Ka3 Qe3+ 57. Rb3 Qc1+ 58. Ka2 a6 59. Rf3 Qc4+ 60. Ka3 Qxd4 61. Rf6 Qxe5 62. Rxa6 Qc3+ 63. Ka4 d4 64. Rd6 d3 65. a6 d2 66. a7 Qa1+ 67. Kb5 Qe5+ 68. Kc6 Qxd6+ 69. Kxd6 d1Q+ 70. Kc7 Qa4 71. Kb7 Qxb4+ 72. Kc7 Qe4 73. Kb8 Kf6 0-1